[Event "Japfa GM 2015"]
[Site "Jakarta INA"]
[Date "2015.04.17"]
[Round "4.5"]
[White "Purnama, Tirta Chandra"]
[Black "Antonio, Rogelio Jr"]
[Result "0-1"]
[WhiteTitle "IM"]
[BlackTitle "GM"]
[WhiteElo "2393"]
[BlackElo "2504"]
[WhiteFideId "7101422"]
[BlackFideId "5200032"]
[EventDate "2015.04.15"]

1. d4 Nf6 2. c4 e6 3. g3 c5 4. Nf3 cxd4 5. Nxd4 Nc6 6. Bg2 Bc5 7. Nb3 Be7 8. Nc3
d6 9. O-O O-O 10. e4 Ne5 11. Qe2 Qc7 12. Nd2 a6 13. f4 Ng6 14. Nf3 Rb8 15. a4 b6
16. Be3 Bb7 17. Nd4 Rfe8 18. Rac1 Bf8 19. Kh1 Rbc8 20. b3 Qb8 21. Bg1 Qa8 22.
Rfe1 Nd7 23. h4 Ne7 24. Kh2 Nc6 25. Red1 Na5 26. Qc2 Nf6 27. Qb1 g6 28. Nde2 Nd7
29. Qc2 Rc7 30. Rb1 Nc6 31. Qd2 Nb4 32. Nd4 Nc5 33. Nc2 Nxc2 34. Qxc2 Nd7 35.
Rd2 Qb8 36. Rbd1 Ba8 37. Qd3 Nf6 38. Qe2 h5 39. Bd4 Ng4+ 40. Kh1 f5 41. Rd3 Rf7
42. Re1 Kh7 43. Bg1 Bg7 44. Bd4 Bxd4 45. Rxd4 e5 46. fxe5 dxe5 47. Rd2 Ref8 48.
exf5 Rxf5 49. Rd7+ Kh8 50. Bxa8 Qxa8+ 51. Nd5 Qc6 52. Re7 Qc5 53. Rc7 Qd4 54.
Ne7 R5f6 55. Rb7 e4 0-1

[Event "Japfa GM 2015"]
[Site "Jakarta INA"]
[Date "2015.04.17"]
[Round "4.6"]
[White "Nguyen, Anh Dung"]
[Black "Milliet, Sophie"]
[Result "1-0"]
[WhiteTitle "GM"]
[BlackTitle "IM"]
[WhiteElo "2461"]
[BlackElo "2377"]
[WhiteFideId "12400025"]
[BlackFideId "623725"]
[EventDate "2015.04.15"]

1. d4 Nf6 2. c4 c5 3. Nf3 cxd4 4. Nxd4 e6 5. g3 d5 6. Bg2 e5 7. Nb3 d4 8. O-O
Nc6 9. Bg5 a5 10. e3 a4 11. N3d2 Be7 12. exd4 exd4 13. Ne4 O-O 14. Bxf6 Bxf6 15.
Nxf6+ Qxf6 16. Nd2 Be6 17. Ne4 Qe7 18. Re1 Qb4 19. Ng5 Qxb2 20. Rb1 Qxa2 21.
Rxb7 Rac8 22. Qh5 h6 23. Nxe6 fxe6 24. Rxe6 Qxf2+ 25. Kh1 Rf7 26. Re2 Qxg2+ 27.
Kxg2 Rxb7 28. Re8+ Rxe8 29. Qxe8+ Kh7 30. Qxc6 Rb2+ 31. Kh3 a3 32. Qe4+ Kh8 33.
Qxd4 Rb3 34. Qa7 Rc3 35. Qa4 Kh7 36. Kg4 Kh8 37. Kf4 1-0

[Event "Japfa GM 2015"]
[Site "Jakarta INA"]
[Date "2015.04.18"]
[Round "5.1"]
[White "Milliet, Sophie"]
[Black "Aulia, Medina Warda"]
[Result "1-0"]
[WhiteTitle "IM"]
[BlackTitle "WGM"]
[WhiteElo "2377"]
[BlackElo "2404"]
[WhiteFideId "623725"]
[BlackFideId "7101570"]
[EventDate "2015.04.15"]

1. e4 e6 2. d4 d5 3. Nc3 Bb4 4. e5 c5 5. a3 Bxc3+ 6. bxc3 Qc7 7. Qg4 f6 8. Nf3
Nc6 9. Bb5 Qf7 10. Bxc6+ bxc6 11. O-O Ne7 12. a4 cxd4 13. cxd4 Qg6 14. Qxg6+
Nxg6 15. Re1 h5 16. h4 Ne7 17. Ba3 Nf5 18. Bc5 Kf7 19. Rab1 Ba6 20. Rb3 Rhb8 21.
Rc3 Rb7 22. Nd2 Nxh4 23. Bd6 Rb6 24. a5 Rb7 25. Nb3 Bc4 26. Nc5 Rb5 27. exf6 Nf5
28. fxg7 Nxd6 29. Nxe6 Rbb8 30. Rf3+ Kg8 31. Rf8+ Rxf8 32. gxf8=Q+ Rxf8 33. Nxf8
Kxf8 34. Re6 Nb5 35. Rxc6 Nxd4 36. Rc8+ Ke7 37. Rc7+ Ke6 38. Rxa7 Nxc2 39. a6 d4
40. Ra8 d3 41. a7 Bd5 42. Rd8 1-0

[Event "Japfa GM 2015"]
[Site "Jakarta INA"]
[Date "2015.04.18"]
[Round "5.2"]
[White "Antonio, Rogelio Jr"]
[Black "Nguyen, Anh Dung"]
[Result "1/2-1/2"]
[WhiteTitle "GM"]
[BlackTitle "GM"]
[WhiteElo "2504"]
[BlackElo "2461"]
[WhiteFideId "5200032"]
[BlackFideId "12400025"]
[EventDate "2015.04.15"]

1. e4 e5 2. Nf3 Nc6 3. Bb5 a6 4. Ba4 Nf6 5. O-O Be7 6. Re1 b5 7. Bb3 d6 8. h3
O-O 9. c3 Re8 10. Ng5 Rf8 11. Nf3 Re8 12. Ng5 Rf8 13. Nf3 h6 14. d3 Re8 15. a4
Rb8 16. axb5 axb5 17. Nbd2 Bf8 18. Nf1 b4 19. Ng3 bxc3 20. bxc3 Be6 21. Ba4 Bd7
22. Bb3 Be6 23. Ba4 Bd7 24. Bb3 Be6 25. Bxe6 Rxe6 26. d4 Re8 27. d5 Ne7 28. c4
Qd7 29. Be3 Rb4 30. Nd2 1/2-1/2

[Event "Japfa GM 2015"]
[Site "Jakarta INA"]
[Date "2015.04.18"]
[Round "5.3"]
[White "Tiviakov, Sergei"]
[Black "Purnama, Tirta Chandra"]
[Result "1-0"]
[WhiteTitle "GM"]
[BlackTitle "IM"]
[WhiteElo "2662"]
[BlackElo "2393"]
[WhiteFideId "1008013"]
[BlackFideId "7101422"]
[EventDate "2015.04.15"]

1. e4 e5 2. Nf3 Nc6 3. Bc4 Bc5 4. c3 Nf6 5. d3 O-O 6. Bb3 d5 7. Qe2 h6 8. O-O
Re8 9. exd5 Nxd5 10. d4 Bb6 11. Nxe5 Nxe5 12. dxe5 c6 13. Na3 Qh4 14. Nc4 Bc5
15. Kh1 Bg4 16. f3 Bf5 17. f4 Rad8 18. Bd2 Rd7 19. Be1 Qd8 20. Bf2 Bf8 21. Qf3
Nb6 22. Ne3 Bd3 23. Rfe1 Kh8 24. Rad1 a5 25. Ng4 Bg6 26. e6 fxe6 27. Ne5 1-0

[Event "Japfa GM 2015"]
[Site "Jakarta INA"]
[Date "2015.04.18"]
[Round "5.4"]
[White "Sean, Winshand Cuhendi"]
[Black "Sukandar, Irine Kharisma"]
[Result "1/2-1/2"]
[WhiteTitle "IM"]
[BlackTitle "IM"]
[WhiteElo "2428"]
[BlackElo "2415"]
[WhiteFideId "7101554"]
[BlackFideId "7101937"]
[EventDate "2015.04.15"]

1. e4 e5 2. Nf3 Nc6 3. Bb5 a6 4. Ba4 Nf6 5. O-O Be7 6. Re1 b5 7. Bb3 O-O 8. c3
d5 9. exd5 Nxd5 10. Nxe5 Nxe5 11. Rxe5 c6 12. d4 Bd6 13. Re1 Qh4 14. g3 Qh3 15.
Be3 Bg4 16. Qd3 Rae8 17. Nd2 Qh5 18. a4 Bf5 19. Qf1 Bh3 20. Qd3 Bf5 21. Qe2 Bg4
22. Qf1 Bh3 23. Qd3 Bf5 1/2-1/2

[Event "Japfa GM 2015"]
[Site "Jakarta INA"]
[Date "2015.04.18"]
[Round "5.5"]
[White "Gopal, G.N."]
[Black "Farid, Firman Syah"]
[Result "1-0"]
[WhiteTitle "GM"]
[BlackTitle "IM"]
[WhiteElo "2575"]
[BlackElo "2422"]
[WhiteFideId "5015693"]
[BlackFideId "7102526"]
[EventDate "2015.04.15"]

1. e4 e5 2. Nf3 Nc6 3. Bb5 a6 4. Ba4 Nf6 5. O-O b5 6. Bb3 Bc5 7. Nc3 d6 8. Nd5
h6 9. c3 O-O 10. d4 Ba7 11. Nxf6+ Qxf6 12. Bd5 Bd7 13. a4 Bb6 14. Be3 Rad8 15.
axb5 axb5 16. dxe5 dxe5 17. Bxb6 cxb6 18. Qe2 Ne7 19. Rfd1 Ng6 20. g3 Bc6 21.
Ne1 Ne7 22. Bxc6 Qxc6 23. Nc2 f5 24. exf5 Nxf5 25. Rxd8 Rxd8 26. Rd1 Rxd1+ 27.
Qxd1 Nd6 28. Nb4 Qc5 29. Na6 Qc8 30. Qxd6 Qxa6 31. Qd5+ Kh8 32. Kg2 Qa4 33. Qxe5
Qb3 34. Qe2 Qd5+ 35. f3 Qd7 36. h4 Kg8 37. Qe3 Qc6 38. Qd3 Kh8 39. Kf2 Qc5+ 40.
Qe3 Qc6 41. Qd4 Qg6 42. Qe4 Qf7 43. Qd3 Qb3 44. Qd2 Kg8 45. g4 Kh8 46. Kg3 Kg8
47. Qd8+ Kh7 48. Qd3+ Kg8 49. Qe2 Kf7 50. h5 Kg8 51. Qe8+ Kh7 52. Qe2 Kg8 53.
Kf2 Kf7 54. Qd2 Kg8 55. Ke2 Kf7 56. Ke3 Qe6+ 57. Kf4 Qb3 58. Qd7+ Kg8 59. Qe8+
Kh7 60. Qe4+ Kg8 61. Kf5 Qf7+ 62. Ke5 Qe7+ 63. Kd4 Qc5+ 64. Kd3 Qf2 65. Qe8+ Kh7
66. Qe2 Qc5 67. Kc2 Kg8 68. Qe8+ Kh7 69. Qe4+ Kg8 70. Kb3 Kh8 71. Qe6 Qf8 72.
Qd5 Qf4 73. Qa8+ 1-0

[Event "Japfa GM 2015"]
[Site "Jakarta INA"]
[Date "2015.04.18"]
[Round "5.6"]
[White "L'Ami, Alina"]
[Black "Ali, Muhammad Lutfi"]
[Result "0-1"]
[WhiteTitle "IM"]
[BlackTitle "FM"]
[WhiteElo "2393"]
[BlackElo "2401"]
[WhiteFideId "1210246"]
[BlackFideId "7103743"]
[EventDate "2015.04.15"]

1. d4 g6 2. c4 Bg7 3. Nc3 d6 4. e4 e5 5. d5 a5 6. g4 Na6 7. h4 Nf6 8. f3 h5 9.
g5 Nh7 10. Bh3 f6 11. Qa4+ Kf7 12. Be6+ Bxe6 13. dxe6+ Kxe6 14. Be3 b6 15. Nh3
Qd7 16. Qc2 Kf7 17. O-O-O fxg5 18. hxg5 Rhf8 19. f4 Kg8 20. Rdf1 Nb4 21. Qd2
exf4 22. Nxf4 Qf7 23. Qe2 Qe8 24. a3 Nc6 25. Qd3 Ne5 26. Qd5+ Kh8 27. Ne6 Rxf1+
28. Rxf1 Rc8 29. Bd4 Nd3+ 30. Kc2 Bxd4 31. Qxd4+ Ne5 32. Nf4 Nxg5 33. Ncd5 Nh7
34. Ne7 Nf8 35. Nxc8 Qxc8 36. Nd3 Nd7 37. Nf4 Qg8 38. Nd5 Qd8 39. Nf4 Qg8 40.
Nd5 Qd8 41. Qe3 Kh7 42. b3 a4 43. b4 c6 44. Nc3 Qg8 45. Qd4 Nxc4 46. e5 Ndxe5
47. Ne4 Nxa3+ 48. Kc1 Qc4+ 49. Qxc4 Naxc4 50. Rf6 Kg7 51. Re6 d5 52. Re7+ Kf8 0-1

[Event "Japfa GM 2015"]
[Site "Jakarta INA"]
[Date "2015.04.19"]
[Round "6.1"]
[White "Aulia, Medina Warda"]
[Black "Ali, Muhammad Lutfi"]
[Result "1/2-1/2"]
[WhiteTitle "WGM"]
[BlackTitle "FM"]
[WhiteElo "2404"]
[BlackElo "2401"]
[WhiteFideId "7101570"]
[BlackFideId "7103743"]
[EventDate "2015.04.15"]

1. e4 g6 2. d4 Bg7 3. Nf3 c5 4. dxc5 Qa5+ 5. Bd2 Qxc5 6. Bc3 Nf6 7. Bd3 Nc6 8.
O-O O-O 9. a3 a6 10. b4 Qb6 11. Nbd2 d6 12. Nc4 Qd8 13. a4 d5 14. exd5 Nxd5 15.
Bxg7 Kxg7 16. b5 Ncb4 17. Qd2 Nxd3 18. Qxd3 axb5 19. axb5 Rxa1 20. Rxa1 Bf5 21.
Qd4+ Nf6 22. Ne3 Be4 23. Qxd8 Rxd8 24. c4 Bxf3 25. gxf3 Nh5 26. Ra7 Rb8 27. Nd5
e6 28. Nb6 Rd8 29. h4 Rd1+ 30. Kh2 Rd2 31. Rxb7 Rxf2+ 32. Kg1 Rc2 33. Rc7 Kf6
34. Nd7+ Kf5 35. Kf1 Kf4 36. Ke1 Ke3 37. Kd1 Rd2+ 38. Kc1 Nf4 39. Nc5 Ne2+ 40.
Kb1 Nc3+ 41. Kc1 Na2+ 42. Kb1 Nc3+ 43. Kc1 Na2+ 44. Kb1 Nc3+ 45. Kc1 Ne2+ 46.
Kb1 Nc3+ 1/2-1/2

[Event "Japfa GM 2015"]
[Site "Jakarta INA"]
[Date "2015.04.19"]
[Round "6.2"]
[White "Farid, Firman Syah"]
[Black "L'Ami, Alina"]
[Result "1/2-1/2"]
[WhiteTitle "IM"]
[BlackTitle "IM"]
[WhiteElo "2422"]
[BlackElo "2393"]
[WhiteFideId "7102526"]
[BlackFideId "1210246"]
[EventDate "2015.04.15"]

1. d4 Nf6 2. Nf3 g6 3. g3 Bg7 4. Bg2 O-O 5. O-O d6 6. c4 c6 7. Nc3 Bf5 8. Nh4
Be6 9. b3 d5 10. Qd3 Na6 11. e3 c5 12. Ba3 Qa5 13. cxd5 Nxd5 14. Nxd5 Bxd5 15.
Bxd5 Qxa3 16. Bxb7 Nb4 17. Qb5 Rab8 18. Nf3 cxd4 19. Nd2 Nc2 20. Rac1 Qxa2 21.
Nc4 dxe3 22. fxe3 Nxe3 23. Rf2 a6 24. Qb6 Nxc4 25. Rxc4 Qa1+ 26. Rf1 Qb2 27. Rf2
Qb1+ 28. Kg2 Qd3 29. Rf3 Qd2+ 30. Rf2 Qd5+ 31. Bxd5 Rxb6 32. Rc7 Bf6 33. Ra2 Rd6
34. Bc4 Ra8 35. Rb7 Bd4 36. Rxe7 Rf6 1/2-1/2

[Event "Japfa GM 2015"]
[Site "Jakarta INA"]
[Date "2015.04.19"]
[Round "6.3"]
[White "Sukandar, Irine Kharisma"]
[Black "Gopal, G.N."]
[Result "0-1"]
[WhiteTitle "IM"]
[BlackTitle "GM"]
[WhiteElo "2415"]
[BlackElo "2575"]
[WhiteFideId "7101937"]
[BlackFideId "5015693"]
[EventDate "2015.04.15"]

1. e4 c5 2. Nf3 e6 3. d4 cxd4 4. Nxd4 Nc6 5. Nc3 Qc7 6. Be3 a6 7. f4 b5 8. Nxc6
Qxc6 9. a3 Bb7 10. Qd4 Rc8 11. Be2 Nf6 12. Bf3 Bc5 13. Qxc5 Qxc5 14. Bxc5 e5 15.
O-O-O Rxc5 16. Rhe1 O-O 17. fxe5 Rxe5 18. Nd5 Nxd5 19. exd5 Rfe8 20. Rxe5 Rxe5
21. Rd4 f5 22. a4 d6 23. axb5 axb5 24. Kd2 g5 25. h3 Kf7 26. Kc3 Bc8 27. Kb4 Bd7
28. Ka5 Kf6 29. Rd2 Re8 30. Kb6 Rc8 31. Be2 b4 32. Ba6 Rc5 33. b3 f4 34. Bc4 h5
35. Re2 h4 36. Re1 Rc8 37. Ka5 Rb8 38. Bd3 Bf5 39. Bb5 f3 40. gxf3 Bxh3 41. Rh1
Bg2 42. Rh2 Bxf3 43. Rf2 g4 44. Be2 Kg5 45. Bxf3 Rf8 46. Bxg4 Rxf2 47. Be6 Rxc2
48. Kxb4 Kf6 0-1

[Event "Japfa GM 2015"]
[Site "Jakarta INA"]
[Date "2015.04.19"]
[Round "6.4"]
[White "Purnama, Tirta Chandra"]
[Black "Sean, Winshand Cuhendi"]
[Result "0-1"]
[WhiteTitle "IM"]
[BlackTitle "IM"]
[WhiteElo "2393"]
[BlackElo "2428"]
[WhiteFideId "7101422"]
[BlackFideId "7101554"]
[EventDate "2015.04.15"]

1. Nf3 Nf6 2. d4 g6 3. c4 Bg7 4. g3 O-O 5. Bg2 d6 6. Nc3 Nc6 7. O-O a6 8. h3 Bf5
9. Re1 Ne4 10. Nd5 Bd7 11. Be3 e6 12. Nf4 f5 13. d5 e5 14. Nd3 Ne7 15. Qc1 b5
16. b3 c5 17. dxc6 Bxc6 18. Rd1 Qb8 19. Nb4 Bb7 20. Ng5 Rc8 21. Nxe4 fxe4 22.
Bg5 Nf5 23. Nd5 Nd4 24. Rxd4 exd4 25. Ne7+ Kh8 26. Nxc8 Qxc8 27. cxb5 axb5 28.
Qf4 Qe6 29. Rc1 Rf8 30. Qh4 Qf7 31. g4 d3 32. exd3 exd3 33. Bxb7 Qxb7 34. Qg3
Qd5 35. Be3 d2 36. Rd1 Bc3 37. Qg2 Qd3 38. Qf1 Qd5 39. Qe2 Qe4 40. Qxb5 Qf3 41.
Qf1 h5 42. g5 Rf5 43. a3 d5 44. Rxd2 Bxd2 45. Bxd2 Qxb3 46. Qa1+ Kh7 47. Be3 Rf7
48. Qe5 Qb1+ 49. Kh2 Qe4 50. Qd6 Qf5 51. a4 Rd7 52. Qg3 d4 53. Bf4 Rf7 0-1

[Event "Japfa GM 2015"]
[Site "Jakarta INA"]
[Date "2015.04.19"]
[Round "6.5"]
[White "Nguyen, Anh Dung"]
[Black "Tiviakov, Sergei"]
[Result "1/2-1/2"]
[WhiteTitle "GM"]
[BlackTitle "GM"]
[WhiteElo "2461"]
[BlackElo "2662"]
[WhiteFideId "12400025"]
[BlackFideId "1008013"]
[EventDate "2015.04.15"]

1. d4 Nf6 2. c4 e6 3. Nf3 b6 4. g3 Bb7 5. Bg2 Be7 6. O-O O-O 7. Nc3 Na6 8. a3
Ne4 9. Bd2 f5 10. d5 Bf6 11. Rc1 c5 12. dxc6 Bxc6 13. b4 Bb7 14. Qb3 Nb8 15.
Rfd1 Nc6 16. Be1 Qe7 17. Rd3 Rad8 18. Re3 Nb8 19. Rd1 Qf7 20. Red3 Rc8 21. Nd4
Nxc3 22. Bxc3 Be4 23. Re3 Bxg2 24. Kxg2 a6 25. Nf3 f4 26. Re4 fxg3 27. hxg3 d5
28. Rf4 dxc4 29. Rxc4 e5 30. Nd2 Rcd8 31. Qc2 b5 32. Re4 Nc6 33. Nf3 Nd4 34.
Bxd4 exd4 35. Qc6 Qc4 36. Qxc4+ bxc4 37. Nxd4 Rd5 38. e3 Rc8 39. Rc1 Bxd4 40.
Rxd4 Rxd4 41. exd4 Kf7 42. Kf3 Ke6 43. Ke4 Kd6 44. d5 c3 45. Kd3 Rf8 46. f4 a5
47. Rxc3 axb4 48. axb4 Kxd5 49. Rc7 Rg8 50. b5 Kd6 51. Rc6+ Kd5 52. Rc7 Kd6 53.
b6 Rb8 54. Rxg7 Rxb6 55. Ke4 Rb3 56. Kf5 h5 57. Rg5 Ke7 58. Kg6 h4 59. g4 Rf3
60. f5 Rf4 61. Kh5 h3 62. Rg7+ Kf6 63. Rg6+ Kf7 64. Kg5 h2 65. Rh6 Rf2 66. f6
Rg2 67. Rh7+ Kg8 68. Rh3 Kf7 69. Rh4 Rf2 70. Rh7+ Kg8 71. Rh3 Kf7 1/2-1/2

[Event "Japfa GM 2015"]
[Site "Jakarta INA"]
[Date "2015.04.19"]
[Round "6.6"]
[White "Milliet, Sophie"]
[Black "Antonio, Rogelio Jr"]
[Result "1-0"]
[WhiteTitle "IM"]
[BlackTitle "GM"]
[WhiteElo "2377"]
[BlackElo "2504"]
[WhiteFideId "623725"]
[BlackFideId "5200032"]
[EventDate "2015.04.15"]

1. e4 c6 2. d4 d5 3. Nc3 dxe4 4. Nxe4 Bf5 5. Ng3 Bg6 6. h4 h6 7. Nf3 Nd7 8. h5
Bh7 9. Bd3 Bxd3 10. Qxd3 e6 11. Bd2 Ngf6 12. O-O-O Be7 13. Kb1 O-O 14. Ne4 Nxe4
15. Qxe4 Nf6 16. Qe2 Qd5 17. Be3 Qb5 18. c4 Qf5+ 19. Ka1 Bd6 20. Nh4 Qh7 21. g4
Ne4 22. Rdg1 Be7 23. f3 Bxh4 24. Rxh4 Nd6 25. c5 Nb5 26. g5 hxg5 27. Bxg5 Kh8
28. h6 g6 29. Qe5+ Kg8 30. a4 1-0

[Event "Japfa GM 2015"]
[Site "Jakarta INA"]
[Date "2015.04.19"]
[Round "7.1"]
[White "Antonio, Rogelio Jr"]
[Black "Aulia, Medina Warda"]
[Result "1/2-1/2"]
[WhiteTitle "GM"]
[BlackTitle "WGM"]
[WhiteElo "2504"]
[BlackElo "2404"]
[WhiteFideId "5200032"]
[BlackFideId "7101570"]
[EventDate "2015.04.15"]

1. e4 e6 2. d4 d5 3. Nc3 Bb4 4. e5 c5 5. a3 Bxc3+ 6. bxc3 Qc7 7. Qg4 f6 8. Nf3
c4 9. Be2 Nc6 10. Qg3 Qf7 11. O-O Nge7 12. exf6 gxf6 13. Nh4 e5 14. dxe5 fxe5
15. f4 Rg8 16. fxe5 Qxf1+ 17. Bxf1 Rxg3 18. hxg3 Nxe5 19. Bg5 Nf7 20. Bf6 Be6
21. Be2 Nc6 22. Nf3 Kd7 23. Rd1 Kc7 24. Nd4 Nxd4 25. Rxd4 Rg8 26. Rh4 Bf5 27.
Bf3 Kd6 28. Rh5 Ke6 29. Bh4 Nd6 30. g4 Be4 31. Bg3 Rg7 32. Kh2 Kd7 33. Bxe4 dxe4
34. Rd5 Rg6 35. Rd4 e3 36. Kg1 Kc6 37. Bxd6 Rxd6 38. Rxc4+ Kd5 39. Rd4+ Ke5 40.
Rd3 Ra6 41. Rxe3+ Kf4 42. Re7 b6 43. Rxh7 Rxa3 44. Rc7 Kxg4 45. Kf2 Ra2 46. Ke3
Rxc2 47. Ke4 a5 48. Rg7+ Kh5 49. Kd3 Rb2 50. c4 Kh6 51. Rb7 Rb3+ 52. Kc2 a4 53.
Ra7 Rb4 54. Kc3 Rb3+ 55. Kc2 Rb4 1/2-1/2

[Event "Japfa GM 2015"]
[Site "Jakarta INA"]
[Date "2015.04.19"]
[Round "7.2"]
[White "Tiviakov, Sergei"]
[Black "Milliet, Sophie"]
[Result "1-0"]
[WhiteTitle "GM"]
[BlackTitle "IM"]
[WhiteElo "2662"]
[BlackElo "2377"]
[WhiteFideId "1008013"]
[BlackFideId "623725"]
[EventDate "2015.04.15"]

1. e4 c5 2. Nf3 e6 3. c3 d5 4. exd5 Qxd5 5. d4 Nf6 6. Na3 Qd8 7. Nc2 Be7 8. Bd3
Nbd7 9. O-O O-O 10. Bf4 b6 11. Qe2 Bb7 12. Rad1 Qc8 13. Rfe1 Rd8 14. Ne5 Nxe5
15. Bxe5 Qc6 16. f3 Nd7 17. Bg3 Bf6 18. Be4 Qc8 19. d5 exd5 20. Bxd5 Bxd5 21.
Rxd5 Nf8 22. Ne3 Ng6 23. Red1 Qe6 24. Qd3 h6 25. Kf1 Kh8 26. Nc4 Rxd5 27. Qxd5
Qxd5 28. Rxd5 Nf8 29. a4 Kg8 30. a5 Bd8 31. a6 Bf6 32. Na3 Bd8 33. Nb5 f6 34.
Ke2 Kf7 35. Kd3 Ke6 36. Kc4 Ng6 37. Bc7 Be7 38. f4 Kf7 39. f5 Nf8 40. Rd2 g6 41.
g4 h5 42. h3 gxf5 43. gxf5 Nh7 44. Kd5 Ng5 45. Kc6 Rh8 46. Nxa7 Nxh3 47. Nb5 1-0

[Event "Japfa GM 2015"]
[Site "Jakarta INA"]
[Date "2015.04.19"]
[Round "7.3"]
[White "Sean, Winshand Cuhendi"]
[Black "Nguyen, Anh Dung"]
[Result "1/2-1/2"]
[WhiteTitle "IM"]
[BlackTitle "GM"]
[WhiteElo "2428"]
[BlackElo "2461"]
[WhiteFideId "7101554"]
[BlackFideId "12400025"]
[EventDate "2015.04.15"]

1. e4 e5 2. Nf3 Nf6 3. Nxe5 d6 4. Nf3 Nxe4 5. Nc3 Nxc3 6. dxc3 Be7 7. Be3 O-O 8.
Qd2 Nd7 9. O-O-O Ne5 10. Be2 Ng4 11. Kb1 Nxe3 12. Qxe3 Bf6 13. Bd3 Re8 14. Qf4
g6 15. h4 Bd7 16. Ng5 h6 17. Bc4 hxg5 18. hxg5 Bf5 19. gxf6 Qxf6 20. Qh2 Qh8 21.
Rd4 Re4 22. Rxe4 Bxe4 23. Qf4 d5 24. Bd3 Bxg2 25. Rg1 Re8 26. Qxc7 Qe5 27. Qxe5
Rxe5 28. Kc1 Be4 29. Kd2 Kg7 30. c4 Bxd3 1/2-1/2

[Event "Japfa GM 2015"]
[Site "Jakarta INA"]
[Date "2015.04.19"]
[Round "7.4"]
[White "Gopal, G.N."]
[Black "Purnama, Tirta Chandra"]
[Result "1/2-1/2"]
[WhiteTitle "GM"]
[BlackTitle "IM"]
[WhiteElo "2575"]
[BlackElo "2393"]
[WhiteFideId "5015693"]
[BlackFideId "7101422"]
[EventDate "2015.04.15"]

1. e4 c5 2. Nf3 e6 3. d4 cxd4 4. Nxd4 a6 5. Bd3 Nf6 6. O-O d6 7. c4 g6 8. Nc3
Bg7 9. Nb3 O-O 10. Be2 Nc6 11. Bf4 e5 12. Be3 Be6 13. f3 Qb8 14. Qd2 Rc8 15.
Rfd1 Bf8 16. Rac1 b5 17. Nd5 Nd7 18. Kh1 b4 19. c5 dxc5 20. Nxc5 Bxc5 21. Bxc5
Nxc5 22. Rxc5 Bxd5 23. Qxd5 Nd4 24. Rxc8+ Qxc8 25. Bc4 Qe8 26. Qb7 Rd8 27. Qxa6
Kg7 28. Qb6 Qe7 29. Bd5 Rc8 30. f4 Rc2 31. fxe5 Qg5 32. Rg1 Ne2 33. Qf6+ Qxf6
34. exf6+ Kxf6 35. Rb1 Nf4 36. g3 Nxd5 37. exd5 Ke5 38. a4 Kf6 1/2-1/2

[Event "Japfa GM 2015"]
[Site "Jakarta INA"]
[Date "2015.04.19"]
[Round "7.5"]
[White "L'Ami, Alina"]
[Black "Sukandar, Irine Kharisma"]
[Result "0-1"]
[WhiteTitle "IM"]
[BlackTitle "IM"]
[WhiteElo "2393"]
[BlackElo "2415"]
[WhiteFideId "1210246"]
[BlackFideId "7101937"]
[EventDate "2015.04.15"]

1. d4 Nf6 2. c4 e6 3. Nc3 Bb4 4. f3 d5 5. a3 Bxc3+ 6. bxc3 c5 7. cxd5 Nxd5 8.
dxc5 Qc7 9. e4 Ne7 10. Be3 O-O 11. Bb5 Rd8 12. Qb3 Nec6 13. Ne2 Na5 14. Qa2 Bd7
15. a4 a6 16. Bc4 Be8 17. Nf4 Nxc4 18. Qxc4 b5 19. Qb3 bxa4 20. Qb6 Qc8 21. O-O
Bb5 22. Rfd1 Rxd1+ 23. Rxd1 Nc6 24. c4 Rb8 25. cxb5 axb5 26. Nd5 exd5 27. exd5
Rxb6 28. cxb6 Nd8 29. Rc1 Qd7 30. d6 Nc6 31. Bc5 h6 32. Re1 f6 33. Ra1 Qf5 34.
Rc1 Qd7 35. Ra1 Na5 36. Bb4 Nc4 37. Rc1 Nxb6 38. Rc7 Qf5 39. Bc5 Nd7 0-1

[Event "Japfa GM 2015"]
[Site "Jakarta INA"]
[Date "2015.04.19"]
[Round "7.6"]
[White "Ali, Muhammad Lutfi"]
[Black "Farid, Firman Syah"]
[Result "0-1"]
[WhiteTitle "FM"]
[BlackTitle "IM"]
[WhiteElo "2401"]
[BlackElo "2422"]
[WhiteFideId "7103743"]
[BlackFideId "7102526"]
[EventDate "2015.04.15"]

1. e4 d6 2. d4 e5 3. Nf3 Nd7 4. Nc3 Ngf6 5. Be2 Be7 6. O-O O-O 7. Re1 c6 8. a4
a5 9. Bf1 Re8 10. h3 Bf8 11. Be3 exd4 12. Bxd4 Nc5 13. Bxc5 dxc5 14. Qxd8 Rxd8
15. Bc4 Nd7 16. Rad1 Re8 17. Ba2 Be7 18. Re3 Ra7 19. e5 Nb6 20. e6 Bxe6 21. Bxe6
fxe6 22. Rxe6 Raa8 23. Rde1 Kf8 24. R1e4 Bf6 25. Rxe8+ Rxe8 26. Rxe8+ Kxe8 27.
Ne4 Be7 28. b3 c4 29. Ne5 cxb3 30. cxb3 Nd5 31. Nc4 b6 32. Ne5 Nb4 33. Nc4 Bd8
34. f4 Nd3 35. g3 Kd7 36. Ncd2 Ke6 37. Kf1 Kd5 38. Ke2 Kd4 39. Nf2 Nxf2 40. Kxf2
Kc3 41. Ke2 Kc2 42. g4 Bc7 43. f5 Bd8 44. Ke1 b5 45. Ke2 Be7 46. h4 Bxh4 47. Nf3
Bf6 48. g5 Bc3 49. Ke3 Kxb3 50. Nd2+ Kc2 51. Ne4 Bb2 52. axb5 cxb5 53. Nd6 Bc1+
54. Kd4 0-1

[Event "Japfa GM 2015"]
[Site "Jakarta INA"]
[Date "2015.04.20"]
[Round "8.1"]
[White "Aulia, Medina Warda"]
[Black "Farid, Firman Syah"]
[Result "1-0"]
[WhiteTitle "WGM"]
[BlackTitle "IM"]
[WhiteElo "2404"]
[BlackElo "2422"]
[WhiteFideId "7101570"]
[BlackFideId "7102526"]
[EventDate "2015.04.15"]

1. e4 d6 2. d4 Nf6 3. Nc3 e5 4. Nf3 Nbd7 5. Bc4 Be7 6. O-O O-O 7. a4 a5 8. Ba2
c6 9. Re1 exd4 10. Nxd4 Nb6 11. Qf3 Nfd7 12. Nf5 Nc5 13. Qg4 Bf6 14. Re3 g6 15.
Qg3 Be5 16. f4 Bf6 17. Kh1 d5 18. Nh6+ Kg7 19. f5 dxe4 20. Re2 Nbxa4 21. Bf4
Nxc3 22. bxc3 Bh4 23. Qe3 Be7 24. f6+ Bxf6 25. Qxc5 b6 26. Qxc6 Ba6 27. Rf2 Rc8
28. Qxe4 Bxc3 29. Nxf7 1-0